000 00624nam a22002057a 4500
005 20251108164026.0
008 250721s1975 xx 000 0 ara d
082 1 4 _a216,5/روؤ
100 1 _aشلبي، روؤف
245 1 0 _aإستوصوا بالنساء خيرا :
_bنظرية الإسلام في شؤون المرأة /
250 _aط 2.
264 1 _aالقاهرة :
_bمطبعة عيسى البابي الحلبي،
_c1975.
300 _a171ص
650 1 7 _aالإسلام
650 1 7 _aالفقه
650 1 7 _aالزواج
650 1 7 _aالمرأة المسلمة
942 _2ddc
_cBK
999 _c1745
_d1745